000
00338nam a2200145Ia 4500
005
20251222144912.0
008
251222s9999||||xx |||||||||||||| ||spa||
020
_a
978-84-15204-40-4
082
_a
791.437/C61
100
_a
Claveras, Montserrat
245
0
_a
Una vida de cine:
250
_a
1a.ed.
264
_b
Brief,
942
_c
LIB
999
_c
22397
_d
22397